| 000 | 01572nam a22003490a 4500 | ||
|---|---|---|---|
| 001 | PT3096 | ||
| 003 | AR-LpoUNG | ||
| 005 | 20210131231111.0 | ||
| 008 | 191001s1995||||mx |||||||||||||||||spa d | ||
| 020 |
_a968164476X _c$10 |
||
| 040 |
_aAR-LpoUNG _bspa _cAR-LpoUNG _eaacr |
||
| 041 | _aspa | ||
| 044 | _amx | ||
| 082 | 0 | _a981.08 977des | |
| 100 | 1 | _aCarvalho, José Murilo de | |
| 245 | 1 | 0 | _aDesenvolvimiento de la ciudadanía en Brasil |
| 250 | _a1ra. ed. | ||
| 260 |
_aMéxico, D. F. : _bFondo de Cultura Económica, _c1995. |
||
| 300 |
_a174 p. : _btbls. |
||
| 520 | _a<p>A través de una amplia reflexión el autor recorre por entero la experiencia brasileña para mostrarnos las diferentes formas que adopta la ciudadaníadesde la ciudadanía hasta hoy. En este recorrido se señala que sería absurdo pensar que todos los países han de seguir la misma ruta hacia la ciudadanía, pues es razonable suponer que la diversidad de caminos afecta el producto final, que lo que interesa es el tipo de ciudadano y, por consiguiente, el tipo de democracia que se genera y la eficacia de la misma. Este libro ilustra el significado y la función que tuvo en ese país la expansión, definición y consolidación de los derechos ciudadanos.</p> | ||
| 650 | 4 | _aCIUDADANIA | |
| 650 | 4 | _aDERECHOS CIVILES | |
| 650 | 4 | _aDESARROLLO ECONOMICO | |
| 650 | 4 | _aESTADO | |
| 650 | 4 | _aHISTORIA | |
| 650 | 4 | _aNACIONALIDAD | |
| 650 | 4 | _aPARTICIPACION POLITICA | |
| 650 | 4 | _aRELACIONES GOBIERNO FUERZAS ARMADAS | |
| 651 | 4 | _aBrasil | |
| 905 | _a3096 | ||
| 942 | _cLIB | ||
| 999 |
_c8018 _d8018 |
||